| 000 | 01436nam a2200361 i 4500 | ||
|---|---|---|---|
| 003 | EG-ScBUE | ||
| 005 | 20230606101149.0 | ||
| 008 | 200219t2018 ua a f 000 0 eng d | ||
| 020 | _a97897758642539 | ||
| 040 |
_aEG-ScBUE _beng _erda _cEG-ScBUE _dEG-ScBUE |
||
| 043 | _af-ua--- | ||
| 082 | 0 | 4 |
_222 _a791.43010962 _bAZA |
| 100 | 1 |
_aAzab, Rasha, _eauthor. |
|
| 245 | 1 | 0 |
_aCinema Cairo : _bdream factory on the Nile / _ceditor, Sherif Boraïe ; foreword Mustafa Darwish ; text Rasha Azab. |
| 264 | 1 |
_aCairo : _bZeitouna, _c[2018] |
|
| 264 | 4 | _c©2018 | |
| 300 |
_a94 pages : _bcolor illustrations ; _c20 cm |
||
| 336 |
_atext _btxt _2rdacontent |
||
| 337 |
_aunmediated _bn _2rdamedia |
||
| 338 |
_avolume _bnc _2rdacarrier |
||
| 546 | _aText in Arabic and English in separate columns. | ||
| 650 | 7 |
_aMotion pictures _zEgypt _xHistory. _2BUEsh |
|
| 655 | _vReading book | ||
| 700 | 1 |
_aDarwish, Mustafa, _ewriter of foreword. |
|
| 700 | 1 |
_aBoraïe, Sherif, _eeditor. |
|
| 880 | 1 |
_6100-01//r _aعزب، رشا. |
|
| 880 | 1 | 0 |
_6245-02//r _aسينما كايرو : _bمصنع احلام على ضفاف النيل / _cتحرير شريف برعي ؛ تقديم مصطفى درويش ؛ نصوص رشا عزب. |
| 880 | 1 |
_6264-03//r _aالقاهرة : _bزيتونة، _c[2017] |
|
| 880 | 1 |
_6700-04//r _aدروش، مستف. |
|
| 880 | 1 |
_6700-05//r _aبرعي، شريف. |
|
| 942 |
_2ddc _cBB |
||
| 999 |
_c30454 _d30425 |
||